Statistiques concernant Un personnage Wakfu par classe - Quiz d'images #1

Cliquez ici pour prendre le quiz!

Statistiques générales

  • Ce quiz a été pris 34 fois
  • Le résultat moyen est 9 sur 12

Statistiques - réponses

Réponse% Correct
Ruel Stroud
94%
Goultard
90%
Noximilien Colxen
90%
Cléophée
87%
Armand Sheran Sharm
74%
Echo
71%
Kriss la Krass
71%
Otomaï
71%
Toxine
68%
Kérubim Crépin
58%
Kabrok
48%
Poo
48%

Distribution des résultats

Percentile par nombre de réponses

% des personnes avec chaque résultat

Votre développement - résultats

Vous n’avez pas pris ce quiz